000 00486nam a2200157 a 4500
001 000035409
005 20200930074324.0
008 111031s1967 fr 000 0 spa d
040 _aDO-SdBNP
_bfre
_cBNPHU
082 _axxxx
_bK423c
100 1 _aKessel, Joseph,
_d1898-1979.
_96863
245 1 0 _aLes cavaliers /
_cJoseph Kessel.
260 _a[Paris] :
_bGallimard,
_c1967.
300 _a546 p. ;
_c21 cm.
590 _aPerteneció a la biblioteca personal de Juan Isidro Jimenes Grullón.
999 _c34900
_d34900